| 000 | 00800nam a2200265 a 4500 | ||
|---|---|---|---|
| 001 | BRCA_5919 | ||
| 005 | 20190320205250.0 | ||
| 008 | 180311s1912----mx-######t---#001-0#spa-# | ||
| 041 | _aspa | ||
| 044 | _amx | ||
| 050 | 4 |
_aHF1481 _b.M48 _c1912 |
|
| 245 | 1 | 0 |
_aCódigo de comercio de los Estados Unidos Mexicanos _cGarcía Nuñez, Jenaro y Pascual García, Francisco. |
| 250 | _a6a. ed. | ||
| 260 |
_aMéxico _bHerrero _c1912 |
||
| 300 |
_a376 p. _c15 cm. |
||
| 440 | 0 |
_aColección de códigos y leyes federales. _914960 |
|
| 500 | _aíndice analítico | ||
| 500 | _aH153 | ||
| 650 | 1 | 4 |
_aDerecho mercantil _zMéxico _914961 |
| 651 | 4 |
_aMéxico _vComercio _914962 |
|
| 700 | 1 |
_aGarcía Nuñez, Jenaro. _914963 |
|
| 700 | 1 |
_aPascual García, Francisco. _914964 |
|
| 902 | _aGFM | ||
| 942 |
_2lcc _cB |
||
| 999 |
_c5608 _d5608 |
||